Normal view
MARC view
- BUILDING SEALS.SEALNTS.GLAZING.WATERPROOFING
Entry Topical Term
001 - CONTROL NUMBER
- control field: 66756
003 - CONTROL NUMBER IDENTIFIER
- control field: NUST
005 - DATE AND TIME OF LATEST TRANSACTION
- control field: 20210628203650.0
008 - FIXED-LENGTH DATA ELEMENTS
- fixed length control field: 210628|| aca||aabn | a|a d
040 ## - CATALOGING SOURCE
- Original cataloging agency: NUST
- Transcribing agency: NUST
150 ## - HEADING--TOPICAL TERM
- Topical term or geographic name entry element: BUILDING SEALS.SEALNTS.GLAZING.WATERPROOFING
670 ## - SOURCE DATA FOUND
- Source citation: Work cat.: (NUST): Klosowski, Jerome M 66755, Science and technology of building seals sealnts, glazing and waterproofing, 2nd volume, 1922
